| 000 | 00348nam a2200133Ia 4500 | ||
|---|---|---|---|
| 008 | 191201s2009 xx 000 0 und d | ||
| 082 |
_a621.38804 _bGUC |
||
| 100 | _aGULATI, R R | ||
| 245 | 0 | _aColour Television Technology Transmission | |
| 260 |
_aN.Delhi _bNew Age International _c2009 |
||
| 300 | _a419 | ||
| 650 | _aB.Tech(ECE) | ||
| 942 |
_2ddc _cBK |
||
| 999 |
_c4111 _d4111 |
||